| 000 | 00554cam a22002291 4500 | ||
|---|---|---|---|
| 001 | sa 65006688 | ||
| 003 | DLC | ||
| 005 | 20260227112144.0 | ||
| 008 | 890620s1963 ii 000 1 urdr | ||
| 010 | _asa 65006688 | ||
| 035 | _a(OCoLC)19902554 | ||
| 040 |
_aDLC _cWaU _dDLC |
||
| 042 | _apremarc | ||
| 050 | 0 | 0 |
_aPK2200.A355 _bS5 1963 |
| 100 | 0 |
_aAhmad Said, _d1887-1959. |
|
| 245 | 1 | 0 | _aShaukat Ārā Begam. |
| 260 | _c[1963?] | ||
| 300 |
_a160 p. _c19 cm. |
||
| 500 | _aIn Urdu. | ||
| 500 | _aText partially vocalized. | ||
| 500 | _aA novel. | ||
| 999 |
_c64786 _d64786 |
||